000 00747nam a22002537a 4500
001 44921
003 UA-OsUOA
005 20210915091011.0
007 ta
008 20070319b un ||||| |||| 00| 0 ukr d
020 _a9665791540
040 _aUA-OsUOA
_bukr
_cUA-OsUOA
_dUA-OsUOA
041 _aukr
080 _a821.161.2
090 _a821.161.2
_bС79
100 _aСтельмах М.
245 _aГуси - лебеді летять. Щедрий вечір
_bвибрані твори у 2-х томах
260 _aК.
_bУкраїнський письменник
_c2003
300 _a266 с.
505 _gТ.2
650 7 _a82 Література. Літературознавство
_2UDC
942 _cBK
_2udc
955 _a3
999 _c331023
_d331023